[Event "SVK-chT2A 1920"]
[Site "Slovakia"]
[Date "2019.10.27"]
[Round "2.5"]
[White "Kovacocy, Pavol"]
[Black "Polasek, Filip"]
[Result "1-0"]
[WhiteElo "2280"]
[BlackElo "2062"]
[PlyCount "63"]
[EventDate "2019.10.26"]
[EventType "team-tourn"]
[EventRounds "11"]
[EventCountry "SVK"]
[SourceTitle "CBM 193 Extra"]
[Source "ChessBase"]
[SourceDate "2020.01.31"]
[SourceVersion "1"]
[SourceVersionDate "2020.01.31"]
[SourceQuality "1"]
[WhiteTeam "Cifer"]
[BlackTeam "Osuske II"]
[WhiteTeamCountry "SVK"]
[BlackTeamCountry "SVK"]

1. e4 e5 2. Nf3 Nc6 3. Bc4 Bc5 4. c3 Nf6 5. d3 0-0 6. Bb3 d5 7. Qe2 Bg4 8. h3 Bh5 9. Bg5 dxe4 10. dxe4 Qe7 11. Nbd2 Rfd8 12. Rd1 h6 13. Bh4 g5 14. Bg3 Kg7 15. Bh2 a6 16. g4 Bg6 17. Rg1 Rd7 18. h4 Rh8 19. Rg2 gxh4 20. Nxh4 Nh7 21. Nf5+ Bxf5 22. gxf5+ Kf8 23. Bd5 Nd8 24. Nf3 Bd6 25. Bg3 Ng5 26. Rh2 Nxf3+ 27. Qxf3 Qg5 28. Rh5 Qg7 29. Ke2 f6 30. Rh4 Nf7 31. Bxb7 Ng5 32. Qd3 1-0

[Event "SVK-chT3A2 1617"]
[Site "Slovakia"]
[Date "2017.03.19"]
[Round "11.1"]
[White "Polasek, Filip"]
[Black "Slamena, Michal"]
[Result "0-1"]
[WhiteElo "2070"]
[BlackElo "1966"]
[PlyCount "84"]
[EventDate "2016.10.16"]
[EventType "team-tourn"]
[EventRounds "11"]
[EventCountry "SVK"]
[SourceTitle "EXT 2020"]
[Source "ChessBase"]
[SourceDate "2019.10.17"]
[SourceVersion "1"]
[SourceVersionDate "2019.10.17"]
[SourceQuality "1"]
[WhiteTeam "Senica CVC"]
[BlackTeam "Hlohovec"]
[WhiteTeamCountry "SVK"]
[BlackTeamCountry "SVK"]

1. e4 d6 2. d4 g6 3. Nc3 Bg7 4. Be3 Nf6 5. Qd2 Ng4 6. Be2 Nxe3 7. fxe3 0-0 8. Nf3 Nd7 9. 0-0-0 c5 10. g4 a6 11. g5 b5 12. h4 Bb7 13. h5 e6 14. hxg6 fxg6 15. Rh4 Rxf3 16. Bxf3 Qxg5 17. Rdh1 cxd4 18. exd4 Qxd2+ 19. Kxd2 h5 20. Rg1 Rf8 21. Ke2 Kh7 22. Rd1 b4 23. Nb1 a5 24. c3 Ba6+ 25. Kf2 Nf6 26. Kg2 g5 27. Rxh5+ Nxh5 28. Bxh5 Rf4 29. Rh1 Rh4 30. Rxh4 gxh4 31. Nd2 Bd3 32. Bf3 Bh6 33. Nb3 a4 34. Na5 bxc3 35. bxc3 Bd2 36. Kh3 Bxc3 37. Nc6 Kg6 38. Kxh4 Bb5 39. d5 Kf6 40. Kg3 a3 41. Bd1 exd5 42. exd5 Bc4 0-1

[Event "SVK-chT2A 1516"]
[Site "Slovakia"]
[Date "2016.02.14"]
[Round "9.4"]
[White "Michal, Silvio"]
[Black "Polasek, Filip"]
[Result "1-0"]
[WhiteElo "2115"]
[BlackElo "2091"]
[PlyCount "51"]
[EventDate "2015.10.17"]
[EventType "team-tourn"]
[EventRounds "11"]
[EventCountry "SVK"]
[SourceTitle "EXT 2017"]
[Source "ChessBase"]
[SourceDate "2016.10.25"]
[SourceVersion "1"]
[SourceVersionDate "2016.10.25"]
[SourceQuality "1"]
[WhiteTeam "Pezinok"]
[BlackTeam "Osuske II"]
[WhiteTeamCountry "SVK"]
[BlackTeamCountry "SVK"]

1. c4 e6 2. d4 d5 3. Nc3 Nf6 4. Bg5 Nbd7 5. e3 Be7 6. Nf3 0-0 7. Rc1 c6 8. a3 Nb6 9. c5 Nbd7 10. b4 b5 11. Bd3 Ne8 12. Bf4 f5 13. h4 h6 14. h5 Bf6 15. Ne2 a5 16. Rg1 Qe7 17. Ne5 Nxe5 18. dxe5 Bh4 19. Nd4 Bb7 20. g4 Bxf2+ 21. Kxf2 Qh4+ 22. Rg3 axb4 23. axb4 Ra2+ 24. Rc2 Qh2+ 25. Rg2 Qh4+ 26. Kg1 1-0

[Event "SVK-chT2A 1213"]
[Site "Slovakia"]
[Date "2012.12.01"]
[Round "3.5"]
[White "Polasek, Filip"]
[Black "Sosovicka, Juraj"]
[Result "1/2-1/2"]
[WhiteElo "2093"]
[BlackElo "2089"]
[PlyCount "59"]
[EventDate "2012.10.13"]
[EventType "team-tourn"]
[EventRounds "11"]
[EventCountry "SVK"]
[SourceTitle "EXT 2015"]
[Source "ChessBase"]
[SourceDate "2014.11.20"]
[SourceVersion "1"]
[SourceVersionDate "2014.11.20"]
[SourceQuality "1"]
[WhiteTeam "Osuske II"]
[BlackTeam "Devinska Nova Ves"]
[WhiteTeamCountry "SVK"]
[BlackTeamCountry "SVK"]

1. e4 e5 2. Nf3 Nc6 3. Nc3 Nf6 4. Bb5 Bb4 5. Nd5 Nxd5 6. exd5 e4 7. dxc6 dxc6 8. Be2 exf3 9. Bxf3 0-0 10. 0-0 Bf5 11. c3 Bd6 12. d4 Qd7 13. Be3 Rfe8 14. Re1 Be4 15. Bd2 Bd5 16. Rxe8+ Rxe8 17. Bxd5 cxd5 18. Qf3 c6 19. Re1 Rxe1+ 20. Bxe1 Qe6 21. Qe3 Qxe3 22. fxe3 h5 23. h3 Kh7 24. Kf2 Kg6 25. Kf3 f5 26. Bg3 Bxg3 27. Kxg3 Kf6 28. Kh4 Kg6 29. Kg3 Kf6 30. Kh4 1/2-1/2

[Event "SVK-chT2A 1213"]
[Site "Slovakia"]
[Date "2012.10.13"]
[Round "1.6"]
[White "Polasek, Filip"]
[Black "Kohlmann, Robert"]
[Result "0-1"]
[WhiteElo "2093"]
[BlackElo "2184"]
[PlyCount "52"]
[EventDate "2012.10.13"]
[EventType "team-tourn"]
[EventRounds "11"]
[EventCountry "SVK"]
[SourceTitle "EXT 2015"]
[Source "ChessBase"]
[SourceDate "2014.11.20"]
[SourceVersion "1"]
[SourceVersionDate "2014.11.20"]
[SourceQuality "1"]
[WhiteTeam "Osuske II"]
[BlackTeam "Krasnany"]
[WhiteTeamCountry "SVK"]
[BlackTeamCountry "SVK"]

1. e4 c5 2. Nf3 Nc6 3. d4 cxd4 4. Nxd4 g6 5. Nc3 Bg7 6. Be3 Nf6 7. Bc4 0-0 8. 0-0 d6 9. Qd2 Ng4 10. Nxc6 bxc6 11. h3 Nxe3 12. Qxe3 Qb6 13. Rab1 Qxe3 14. fxe3 Rb8 15. Nd1 Rb6 16. b3 Ba6 17. Bxa6 Rxa6 18. a4 Rb8 19. Nf2 Rab6 20. Nd3 c5 21. Rbd1 Rc8 22. Nc1 Rb4 23. Kf2 Rxe4 24. Kf3 Rb4 25. Nd3 Rb7 26. Nf4 c4 0-1

[Event "SVK-chT1W 1112"]
[Site "Slovakia"]
[Date "2011.12.11"]
[Round "6.6"]
[White "Orgon, Dusan"]
[Black "Polasek, Filip"]
[Result "1/2-1/2"]
[WhiteElo "2107"]
[BlackElo "2123"]
[PlyCount "118"]
[EventDate "2011.10.15"]
[EventType "team-tourn"]
[EventRounds "11"]
[EventCountry "SVK"]
[SourceTitle "EXT 2013"]
[Source "ChessBase"]
[SourceDate "2012.11.22"]
[SourceVersion "1"]
[SourceVersionDate "2012.11.22"]
[SourceQuality "1"]
[WhiteTeam "Dubnica nad Vahom II"]
[BlackTeam "Osuske"]
[WhiteTeamCountry "SVK"]
[BlackTeamCountry "SVK"]

1. d4 d5 2. Bg5 Nf6 3. Bxf6 exf6 4. e3 Be7 5. c4 0-0 6. Nc3 dxc4 7. Bxc4 Nd7 8. Nge2 Nb6 9. Bd3 c6 10. 0-0 Be6 11. Qc2 g6 12. Rfd1 f5 13. Rab1 Nd5 14. Nxd5 Bxd5 15. Nc3 Be6 16. Be2 Bf6 17. Bf3 Rc8 18. b4 a6 19. a4 b5 20. a5 Qc7 21. g3 Rfd8 22. Rdc1 Qd7 23. Bg2 Bc4 24. Na4 Rb8 25. Nc5 Qc8 26. Rd1 Be7 27. Rb2 Bxc5 28. dxc5 Qe6 29. Qc1 Bb3 30. Rxd8+ Rxd8 31. Rd2 Rd7 32. Qc3 Bc4 33. Rd4 Kf8 34. Qd2 Ke7 35. f4 f6 36. Kf2 Rxd4 37. Qxd4 Qd7 38. Qxd7+ Kxd7 39. e4 fxe4 40. Bxe4 Bf7 41. Ke3 h6 42. Kd4 Be8 43. h4 Ke7 44. g4 Bd7 45. g5 hxg5 46. hxg5 Be8 47. Bg2 Bd7 48. Bf3 Kf7 49. Be4 f5 50. Bc2 Be6 51. Bd3 Ke7 52. Be2 Bd7 53. Ke5 Be8 54. Bd3 Bd7 55. Bb1 Be6 56. Bd3 Bd7 57. Bf1 Be6 58. Bg2 Bd7 59. Bf3 Be8 1/2-1/2

[Event "SVK-chT2A 1112"]
[Site "Slovakia"]
[Date "2011.11.05"]
[Round "3.3"]
[White "Biro, Karol"]
[Black "Polasek, Filip"]
[Result "0-1"]
[WhiteElo "2158"]
[BlackElo "2123"]
[PlyCount "68"]
[EventDate "2011.10.08"]
[EventType "team-tourn"]
[EventRounds "11"]
[EventCountry "SVK"]
[SourceTitle "EXT 2013"]
[Source "ChessBase"]
[SourceDate "2012.11.22"]
[SourceVersion "1"]
[SourceVersionDate "2012.11.22"]
[SourceQuality "1"]
[WhiteTeam "Krasnany"]
[BlackTeam "Osuske II"]
[WhiteTeamCountry "SVK"]
[BlackTeamCountry "SVK"]

1. c4 e6 2. g3 d5 3. Bg2 Nf6 4. Nf3 Bd7 5. Ne5 Nc6 6. Nxd7 Qxd7 7. cxd5 exd5 8. d4 Bb4+ 9. Kf1 0-0 10. Bg5 Ne4 11. Be3 f5 12. Qb3 Qf7 13. f3 Nf6 14. Nc3 Bxc3 15. Qxc3 Rae8 16. Re1 Qe7 17. Bg5 h6 18. Bxf6 Qxf6 19. e3 Qd6 20. Kf2 Ne7 21. h4 c6 22. b4 a6 23. Qc5 Qg6 24. h5 Qf7 25. a4 Nc8 26. b5 axb5 27. axb5 Re6 28. f4 Nd6 29. bxc6 bxc6 30. Bf3 Nc4 31. g4 fxg4 32. Bxg4 Rxe3 33. f5 Qe8 34. Qb4 Qe4 0-1

[Event "SVK-chT1W 1112"]
[Site "Slovakia"]
[Date "2011.10.16"]
[Round "2.4"]
[White "Hanko, Pavol"]
[Black "Polasek, Filip"]
[Result "1-0"]
[WhiteElo "2138"]
[BlackElo "2123"]
[PlyCount "70"]
[EventDate "2011.10.15"]
[EventType "team-tourn"]
[EventRounds "11"]
[EventCountry "SVK"]
[SourceTitle "EXT 2013"]
[Source "ChessBase"]
[SourceDate "2012.11.22"]
[SourceVersion "1"]
[SourceVersionDate "2012.11.22"]
[SourceQuality "1"]
[WhiteTeam "Prievidza II"]
[BlackTeam "Osuske"]
[WhiteTeamCountry "SVK"]
[BlackTeamCountry "SVK"]

1. d4 d5 2. Nf3 e6 3. c4 Nf6 4. Bg5 Be7 5. e3 0-0 6. Nc3 b6 7. Be2 Bb7 8. Bxf6 Bxf6 9. cxd5 exd5 10. b4 a5 11. b5 Be7 12. 0-0 Nd7 13. Qb3 Nf6 14. Ne5 Qd6 15. a3 Rab8 16. Rfc1 Nd7 17. f4 Nxe5 18. fxe5 Qh6 19. Nd1 c5 20. bxc6 Bxc6 21. Rc3 f5 22. Bf3 Kh8 23. Rac1 Ba8 24. Bxd5 Bxd5 25. Qxd5 Rbd8 26. Qb7 Bg5 27. g3 f4 28. exf4 Bxf4 29. gxf4 Qxf4 30. Ne3 Qxd4 31. e6 Rde8 32. Qd5 Qf6 33. Ng4 Qg6 34. Rg3 Rxe6 35. Rf1 Rxf1+ 1-0

[Event "SVK-chT2A 10/11"]
[Site "Slovakia"]
[Date "2011.02.06"]
[Round "?"]
[White "Abel, Peter"]
[Black "Polasek, Filip"]
[Result "1-0"]
[WhiteElo "2172"]
[BlackElo "2113"]
[PlyCount "131"]
[EventDate "2010.10.23"]
[EventType "team-tourn"]
[EventRounds "11"]
[EventCountry "SVK"]
[SourceTitle "EXT 2019"]
[Source "ChessBase"]
[SourceDate "2018.10.10"]
[SourceVersion "1"]
[SourceVersionDate "2018.10.10"]
[SourceQuality "1"]
[WhiteTeam "Piestany Kupele"]
[BlackTeam "Osuske II"]
[WhiteTeamCountry "SVK"]
[BlackTeamCountry "SVK"]

1. c4 e6 2. Nf3 d5 3. g3 dxc4 4. Qa4+ Bd7 5. Qxc4 Bc6 6. Bg2 Nd7 7. 0-0 Ngf6 8. b3 Be7 9. Bb2 0-0 10. d3 Nb6 11. Qc2 a5 12. a3 Nfd7 13. Nbd2 Bf6 14. d4 a4 15. b4 Qe7 16. Rfe1 e5 17. e4 Bb5 18. Rac1 c6 19. Bf1 Bxf1 20. Nxf1 exd4 21. Nxd4 Ne5 22. Ne3 Rfd8 23. Kg2 g6 24. Red1 Bg7 25. f4 Nec4 26. Nxc4 Nxc4 27. Qxc4 Qxe4+ 28. Kh3 Rd5 29. f5 gxf5 30. Rf1 Bxd4 31. Rf4 Bxb2 32. Rxe4 fxe4 33. Rb1 Bd4 34. b5 Rad8 35. bxc6 bxc6 36. Qxc6 e3 37. Qxa4 Bc3 38. Qc4 Bd2 39. Kg2 Kf8 40. Rb7 Rf5 41. Qe4 Rf2+ 42. Kh3 Re8 43. Qxh7 Bc3 44. Qh6+ Bg7 45. Qd6+ Kg8 46. Rb8 Rxb8 47. Qxb8+ Kh7 48. Qb6 Bh6 49. a4 Rf1 50. Qb5 Rf2 51. Qc5 Rd2 52. Qf5+ Kg7 53. Qe5+ Kg6 54. a5 e2 55. a6 Ra2 56. a7 Rxa7 57. Qxe2 Bg5 58. Qe4+ Kh6 59. Kg4 Re7 60. Qf5 f6 61. h4 Rg7 62. Kf3 Bxh4 63. gxh4 Rg6 64. Kf4 Kg7 65. Qd7+ Kh6 66. Qf7 1-0

[Event "SVK-chT2A 10/11"]
[Site "Slovakia"]
[Date "2011.02.05"]
[Round "6.4"]
[White "Liptak, Dusan"]
[Black "Polasek, Filip"]
[Result "1/2-1/2"]
[WhiteElo "2086"]
[BlackElo "2113"]
[PlyCount "82"]
[EventDate "2010.10.23"]
[EventType "team-tourn"]
[EventRounds "11"]
[EventCountry "SVK"]
[SourceTitle "EXT 2019"]
[Source "ChessBase"]
[SourceDate "2018.10.10"]
[SourceVersion "1"]
[SourceVersionDate "2018.10.10"]
[SourceQuality "1"]
[WhiteTeam "Trnava Lokomotiva II"]
[BlackTeam "Osuske II"]
[WhiteTeamCountry "SVK"]
[BlackTeamCountry "SVK"]

1. d4 d5 2. c4 e6 3. Nc3 Nf6 4. cxd5 exd5 5. Bg5 Be7 6. e3 0-0 7. Bd3 Be6 8. Nge2 Nbd7 9. Rc1 Rc8 10. 0-0 c6 11. h3 Ne8 12. Bxe7 Qxe7 13. Qa4 Nd6 14. Nf4 b6 15. b4 b5 16. Qc2 Nf6 17. Nce2 Nc4 18. Bxc4 bxc4 19. Nxe6 fxe6 20. Rb1 Rb8 21. Qa4 Ne4 22. Rb2 Rb5 23. f3 c3 24. Rc2 Qg5 25. Nf4 e5 26. dxe5 Nd2 27. Rxc3 Nxf1 28. Kxf1 Qxe5 29. Ne2 Rfb8 30. Qxa7 Rxb4 31. Rxc6 d4 32. exd4 Qe3 33. Rc1 Rb1 34. Qc5 Rxc1+ 35. Nxc1 Rb2 36. Qd5+ Kf8 37. Qd8+ Kf7 38. Qd7+ Kf6 39. Qd6+ Kf5 40. Qd7+ Kg5 41. Qxg7+ Kh5 1/2-1/2

[Event "SVK-chT2A 10/11"]
[Site "Slovakia"]
[Date "2010.10.23"]
[Round "1.4"]
[White "Polasek, Filip"]
[Black "Skara, Vladimir"]
[Result "0-1"]
[WhiteElo "2113"]
[BlackElo "2161"]
[PlyCount "50"]
[EventDate "2010.10.23"]
[EventType "team-tourn"]
[EventRounds "11"]
[EventCountry "SVK"]
[SourceTitle "EXT 2019"]
[Source "ChessBase"]
[SourceDate "2018.10.10"]
[SourceVersion "1"]
[SourceVersionDate "2018.10.10"]
[SourceQuality "1"]
[WhiteTeam "Osuske II"]
[BlackTeam "Modra II"]
[WhiteTeamCountry "SVK"]
[BlackTeamCountry "SVK"]

1. e4 e6 2. d4 d5 3. exd5 exd5 4. Nf3 Bd6 5. Be2 Ne7 6. Nc3 c6 7. Be3 Bf5 8. Qd2 Qc7 9. 0-0 Nd7 10. g3 b5 11. Bd3 0-0 12. Nh4 Bxd3 13. Qxd3 Nb6 14. b3 Qd7 15. a4 b4 16. Ne2 a5 17. f4 f5 18. Nf3 Nbc8 19. Ne5 Qb7 20. Rac1 Bb8 21. h3 Nd6 22. g4 Ne4 23. g5 Nc8 24. c4 bxc3 25. Nxc3 Bxe5 0-1

[Event "Brezova op"]
[Site "Brezova pod Bradlom"]
[Date "2010.08.24"]
[Round "4"]
[White "Polasek, Filip"]
[Black "Klein, Felix"]
[Result "0-1"]
[WhiteElo "2113"]
[BlackElo "2297"]
[PlyCount "78"]
[EventDate "2010.08.22"]
[EventType "swiss"]
[EventRounds "9"]
[EventCountry "SVK"]
[SourceTitle "CBM 138 Extra"]
[Source "ChessBase"]
[SourceDate "2010.10.29"]
[SourceVersion "1"]
[SourceVersionDate "2010.10.29"]
[SourceQuality "1"]

1. e4 c5 2. Nf3 e6 3. d4 cxd4 4. Nxd4 a6 5. Bd3 g6 6. 0-0 Bg7 7. Be3 Ne7 8. Qd2 d5 9. Nc3 e5 10. Bh6 Bxh6 11. Qxh6 exd4 12. Qg7 Rg8 13. Qxd4 Nbc6 14. Qc5 b6 15. Qa3 d4 16. Nd5 Nxd5 17. exd5 Qxd5 18. Rfe1+ Be6 19. Rad1 Qc5 20. Be4 Rc8 21. Qxa6 Kf8 22. a3 Nb8 23. Qe2 Kg7 24. Bd3 Rgd8 25. h4 Nd7 26. g4 Nf6 27. f3 Qc7 28. Qf2 Bxg4 29. fxg4 Nxg4 30. Qg2 Ne3 31. Rxe3 dxe3 32. Rf1 Qe7 33. h5 Rc5 34. hxg6 hxg6 35. Rf3 Rg5 36. Rg3 Rxg3 37. Qxg3 e2 38. Qe1 Qg5+ 39. Kf2 Qh4+ 0-1

[Event "SVK-chT2A 0910"]
[Site "Slovakia"]
[Date "2009.12.12"]
[Round "5.4"]
[White "Polasek, Filip"]
[Black "Mackovic, Miroslav"]
[Result "1-0"]
[WhiteElo "2072"]
[BlackElo "1963"]
[PlyCount "71"]
[EventDate "2009.10.10"]
[EventType "team-tourn"]
[EventRounds "11"]
[EventCountry "SVK"]
[SourceTitle "EXT 2011"]
[Source "ChessBase"]
[SourceDate "2010.11.26"]
[SourceVersion "1"]
[SourceVersionDate "2010.11.26"]
[SourceQuality "1"]
[WhiteTeam "Osuske"]
[BlackTeam "Trnava Modranka"]
[WhiteTeamCountry "SVK"]
[BlackTeamCountry "SVK"]

1. e4 c5 2. Nf3 d6 3. d4 cxd4 4. Nxd4 Nf6 5. Nc3 a6 6. Be2 e6 7. 0-0 Be7 8. f4 Qc7 9. Kh1 Nc6 10. Be3 b5 11. Nxc6 Qxc6 12. Bf3 e5 13. Nd5 Nxd5 14. exd5 Qc7 15. fxe5 dxe5 16. d6 Bxd6 17. Bxa8 f5 18. Qd5 f4 19. Bc6+ Ke7 20. Bc5 Be6 21. Qxd6+ Qxd6 22. Bxd6+ Kxd6 23. Be4 Bg4 24. Rf2 Ke6 25. Rd2 g5 26. h3 Bf5 27. Bxf5+ Kxf5 28. Re1 Re8 29. Rd6 h5 30. Kg1 g4 31. hxg4+ hxg4 32. Rxa6 f3 33. Kf2 e4 34. Rb6 Re5 35. Rb8 Kf6 36. Rf8+ 1-0

[Event "SVK-chT2A 0809"]
[Site "Slovakia"]
[Date "2009.02.28"]
[Round "10.3"]
[White "Petrik, Karol"]
[Black "Polasek, Filip"]
[Result "1-0"]
[WhiteElo "2167"]
[BlackElo "2096"]
[PlyCount "71"]
[EventDate "2008.10.11"]
[EventType "team-tourn"]
[EventRounds "11"]
[EventCountry "SVK"]
[SourceTitle "EXT 2010"]
[Source "ChessBase"]
[SourceDate "2010.11.25"]
[SourceVersion "1"]
[SourceVersionDate "2010.11.25"]
[SourceQuality "1"]
[WhiteTeam "Bratislava Doprastav II"]
[BlackTeam "Osuske"]
[WhiteTeamCountry "SVK"]
[BlackTeamCountry "SVK"]

1. d4 d5 2. Nf3 e6 3. g3 c5 4. Bg2 Nc6 5. 0-0 Be7 6. dxc5 Bxc5 7. c4 Nge7 8. Nc3 0-0 9. Qc2 Nd4 10. Nxd4 Bxd4 11. Rd1 Bxc3 12. bxc3 Qc7 13. Ba3 Rd8 14. Bxe7 Qxe7 15. cxd5 exd5 16. Rxd5 Re8 17. Rd4 Be6 18. Rb1 Rab8 19. e3 b6 20. Bd5 Bxd5 21. Rxd5 Rbc8 22. Qd2 g6 23. h4 Rc6 24. Rb3 Rec8 25. h5 gxh5 26. Rxh5 Rc4 27. Rd5 Qf6 28. Rd4 R4c5 29. Rd6 Qf3 30. Rd8+ Kg7 31. Rxc8 Rh5 32. Qd4+ f6 33. Rc7+ Kg6 34. Qd3+ Rf5 35. Rb2 Kh6 36. Qd7 1-0

[Event "SVK-chT2A 0809"]
[Site "Slovakia"]
[Date "2009.02.01"]
[Round "9.2"]
[White "Polasek, Filip"]
[Black "Pacher, Milan"]
[Result "0-1"]
[WhiteElo "2096"]
[BlackElo "2357"]
[PlyCount "66"]
[EventDate "2008.10.11"]
[EventType "team-tourn"]
[EventRounds "11"]
[EventCountry "SVK"]
[SourceTitle "EXT 2010"]
[Source "ChessBase"]
[SourceDate "2010.11.25"]
[SourceVersion "1"]
[SourceVersionDate "2010.11.25"]
[SourceQuality "1"]
[WhiteTeam "Osuske"]
[BlackTeam "Bratislava Doprastav III"]
[WhiteTeamCountry "SVK"]
[BlackTeamCountry "SVK"]

1. e4 c5 2. Nf3 e6 3. d4 cxd4 4. Nxd4 Nf6 5. Nc3 Nc6 6. Be3 Bb4 7. Bd3 d5 8. 0-0 Bxc3 9. bxc3 dxe4 10. Bb5 Bd7 11. Bg5 Nxd4 12. Bxf6 gxf6 13. Bxd7+ Qxd7 14. cxd4 0-0-0 15. c3 h5 16. Qe2 f5 17. Rab1 h4 18. Rb4 Qe7 19. Rfb1 Rd7 20. Qb5 Rg8 21. Rc4+ Kb8 22. Qe5+ Ka8 23. Ra4 Rd5 24. Qf4 Qg5 25. Qxg5 Rxg5 26. Rab4 b6 27. Rb5 f4 28. c4 Rxb5 29. cxb5 Rd5 30. g3 hxg3 31. fxg3 f3 32. Rb4 e5 33. dxe5 e3 0-1

[Event "SVK-chT2A 0809"]
[Site "Slovakia"]
[Date "2009.01.10"]
[Round "7.5"]
[White "Gono, Michal"]
[Black "Polasek, Filip"]
[Result "1/2-1/2"]
[WhiteElo "1854"]
[BlackElo "2096"]
[PlyCount "85"]
[EventDate "2008.10.11"]
[EventType "team-tourn"]
[EventRounds "11"]
[EventCountry "SVK"]
[SourceTitle "EXT 2010"]
[Source "ChessBase"]
[SourceDate "2010.11.25"]
[SourceVersion "1"]
[SourceVersionDate "2010.11.25"]
[SourceQuality "1"]
[WhiteTeam "Piestany Kupele"]
[BlackTeam "Osuske"]
[WhiteTeamCountry "SVK"]
[BlackTeamCountry "SVK"]

1. d4 d5 2. c4 e6 3. Nc3 Nf6 4. Bg5 Nbd7 5. e3 Be7 6. Nf3 0-0 7. Rc1 b6 8. a3 Bb7 9. cxd5 Nxd5 10. Bxe7 Nxe7 11. Be2 c5 12. 0-0 Nf5 13. dxc5 Nxc5 14. b4 Ne4 15. Nxe4 Bxe4 16. Qxd8 Rfxd8 17. Rfd1 Rxd1+ 18. Rxd1 h6 19. Rd7 a5 20. g4 axb4 21. axb4 Ra1+ 22. Kg2 Nh4+ 23. Kg3 Nxf3 24. Bxf3 Bxf3 25. Kxf3 Rb1 26. Rd8+ Kh7 27. Rd4 Kg6 28. h4 Kf6 29. Kg3 Rb3 30. Re4 g5 31. h5 b5 32. Rd4 Ke5 33. Rd7 f5 34. gxf5 exf5 35. Rh7 Rxb4 36. Rxh6 Rg4+ 37. Kf3 Rh4 38. Rb6 b4 39. Rb5+ Kf6 40. Rb6+ Ke5 41. Rb5+ Kf6 42. Rb6+ Ke5 43. Rb5+ 1/2-1/2

[Event "SVK-chT2A 0708"]
[Site "Slovakia"]
[Date "2008.03.09"]
[Round "11.2"]
[White "Hrivnak, Martin"]
[Black "Polasek, Filip"]
[Result "1-0"]
[WhiteElo "2190"]
[BlackElo "2102"]
[PlyCount "131"]
[EventDate "2007.10.06"]
[EventType "team-tourn"]
[EventRounds "11"]
[EventCountry "SVK"]
[SourceTitle "EXT 2010"]
[Source "ChessBase"]
[SourceDate "2010.11.25"]
[SourceVersion "1"]
[SourceVersionDate "2010.11.25"]
[SourceQuality "1"]
[WhiteTeam "Bratislava Slavia STU"]
[BlackTeam "Osuske"]
[WhiteTeamCountry "SVK"]
[BlackTeamCountry "SVK"]

1. Nf3 d5 2. c4 e6 3. d4 Nf6 4. g3 Bd7 5. Bg2 dxc4 6. Ne5 Nc6 7. Nxc4 Be7 8. 0-0 0-0 9. Nc3 Ne8 10. Bf4 Nd6 11. Bxd6 cxd6 12. d5 Nb4 13. Qb3 Nxd5 14. Nxd5 exd5 15. Bxd5 Bc6 16. Rfd1 Rc8 17. Rd3 Qc7 18. Ne3 Bg5 19. f4 Bf6 20. Rad1 Rfe8 21. Kf2 Qe7 22. R1d2 g6 23. Bxc6 bxc6 24. Rxd6 Rb8 25. Rd7 Qxd7 26. Rxd7 Rxb3 27. axb3 Bxb2 28. Nc4 Bc3 29. Rd3 Bb4 30. Kf3 f5 31. Ne5 c5 32. e4 fxe4+ 33. Kxe4 a5 34. Kd5 Rd8+ 35. Kc4 Rxd3 36. Nxd3 Bd2 37. Nxc5 Kf7 38. Kb5 Be3 39. Ne4 h6 40. Kxa5 Ke6 41. b4 Kf5 42. Nd6+ Kg4 43. Nf7 h5 44. Ne5+ Kf5 45. Nxg6 Kxg6 46. b5 h4 47. b6 Kf5 48. Ka6 Bc5 49. b7 Bd6 50. Ka7 h3 51. b8Q Bxb8+ 52. Kxb8 Kg4 53. Kc7 Kf3 54. f5 Kg2 55. f6 Kxh2 56. f7 Kxg3 57. f8Q Kg2 58. Qg7+ Kh1 59. Qa1+ Kg2 60. Qb2+ Kg1 61. Qc1+ Kg2 62. Qd2+ Kg1 63. Qe3+ Kg2 64. Qe4+ Kg1 65. Qg4+ Kh2 66. Kd6 1-0